01660nam a2200301 u 4500001000800000005001700008007001000025008004100035035001200076040001300088041000800101080000900109082000800118100003700126245011600163260004300279300001300322520081400335600003101149650003301180650001401213650002701227650002301254650002001277700004101297502001201338526000801350106814120260507082624.0co|||||||080218s2007 spa  a1068141 ccomduadb aspa aT/CD 4a15010aOspina Morales, Pamela4auteaut13aEl proceso creativo en la escritura : un contraste entre la perspectiva literaria y la psicoanalitica freudiana aMedellín :b[sin publicador],c2007. a1 CD-ROM3 aEl proceso creativo, en general, ha sido considerado un misterio. Este trabajo plantea una mirada a este proceso en la escritura desde la perspectiva de los literatos mismos, indagando en el porqué y el cómo escriben, en contraste con las consideraciones que la teoría psicoanalítica freudiana ha realizado frente al tema. Es la conceptualización que el propio autor hace de este ejercicio lo que moviliza esta búsqueda, sin embargo, se recorre la tesis freudiana para establecer un paralelo entre ambas posturas. Para esto, se ha recurrido a la teoría psicoanalítica de Sigmund Freud, reconocido padre del psicoanálisis, y se ha tomado una muestra significativa de literatos, entre los cuales encontramos a Oscar Wilde, Edgar A. Poe, Julio Cortázar, Octavio Paz, Orhan Pamuk, entre otros.14aFreud, Sigmund,d1856-1939 aPsicoanálisis y literatura aLiteratos aPsicoanálisis y arte aProcesos creativos 7aEscritura2lemb10aRuiz Osorio, Mario Alberto4thseths b105c12 a106